Quiz o Mońkach - Statystyki

Ogólne statystyki
  • Ten quiz został rozwiązany 8 razy
  • Średni wynik to 7 z 15
Statystyki odpowiedzi
Hint Odpowiedź % Poprawnych
Lokalna artystka moniecka i nauczyciel WF-u Joanna Hinz
75%
Województwo w którym leżą Mońki Podlaskie
75%
Rok w którym Mońki otrzymało prawa miejskie 1965
50%
Pobliski Park Narodowy Biebrzański
50%
Polska historyk literatury specjalizująca się romantyzmem, feministka ur. w Mońkach Maria Janion
50%
Rodzaj gminy Mońki miejsko-wiejska
50%
Nazwa stacji kolejowej w Mońkach Mońki
50%
Nazwa klubu sportowego w Mońkach Promień Mońki
50%
Obecny burmistrz miasta i gminy (kadencja 2024-2029) Zbigniew Karwowski
50%
"Budowniczy" Moniek Czesław Gartych
25%
Główna ulica Moniek - aleja Niepodległości, jaką nazwę nosiła wcześniej? manifestu lipcowego
25%
Mońki leży w powiecie ____ monieckim
25%
Imię panny na herbie Moniek Monika
25%
Nazwa skrzyżowania ulic w Chicago, upamiętniająca Polonie z Moniek Ziemia Moniecka Way
25%
Nazwa rośliny na herbie Moniek Ziemniak
25%
Nie znaleziono quizów pasujących do podanych kryteriów
Rozkład punktacji
Procent ludzi z każdym wynikiem
Percentyl według liczby udzielonych odpowiedzi
Twoja historia wyników
Nie rozwiązałeś tego quizu